Associe les artistes francophones avec leur titre de chanson VOL9 - Statistiques

Statistiques générales
  • Ce quiz a été pris 36 fois
  • Le résultat moyen est 8 sur 21
Statistiques - réponses
Hint Réponse % Correct
Claude François Magnolias for ever
84%
Aya Nakamura Copines
81%
Zaz Je veux
78%
Michel Polnareff Lettre à France
75%
Barbara Pravi Voilà
69%
Slimane & Vitaa ça va ça vient
66%
Sylvie Vartan L'amour c'est comme une cigarette
44%
Mylène Farmer L'instant X
44%
Saïan Supa Crew Angela
38%
Axelle Red Parce que c'est toi
38%
Nekfeu Galatée
28%
MC Solaar Hasta la vista
25%
Passi Le maton me guette
22%
Moos Au nom de la rose
16%
Clara Luciani Courage
16%
Christophe Willem Si mes larmes tombent
16%
Etienne Daho Les voyages immobiles
9%
Alizée Parler tout bas
9%
Djadja & Dinaz Brique par brique
6%
Elsa Esnoult Le crime de s'aimer
6%
Dorothée Tremblement de terre
6%
Aucun quiz correspondant
Distribution des résultats
% des personnes avec chaque résultat
Percentile par nombre de réponses
Votre historique - résultats
Vous n’avez pas pris ce quiz